Here comes the big, mean dust bunny! / (Record no. 3186)

MARC details
000 -LEADER
fixed length control field 01017cam a2200313 a 4500
005 - DATE AND TIME OF LATEST TRANSACTION
control field 20240216092142.0
020 ## - INTERNATIONAL STANDARD BOOK NUMBER
International Standard Book Number 9781416991502 (hardcover : alk. paper)
040 ## - CATALOGING SOURCE
Original cataloging agency DLC
Transcribing agency DLC
Modifying agency DLC
Language of cataloging eng
050 00 - LIBRARY OF CONGRESS CALL NUMBER
Classification number PZ7.T36694
Item number 2009
082 00 - DEWEY DECIMAL CLASSIFICATION NUMBER
Classification number 426
100 1# - MAIN ENTRY--PERSONAL NAME
Personal name Thomas, Jan
Dates associated with a name 1958-
245 10 - TITLE STATEMENT
Title Here comes the big, mean dust bunny! /
Statement of responsibility, etc. by Thomas, Jan
250 ## - EDITION STATEMENT
Edition statement First Scholastic printing, January 2011
260 ## - PUBLICATION, DISTRIBUTION, ETC.
Place of publication, distribution, etc. New York :
Name of publisher, distributor, etc. Scholastic ,
Date of publication, distribution, etc. 2009
300 ## - PHYSICAL DESCRIPTION
Extent 36 unnumbered pages :
Other physical details color illustrations ;
Dimensions 24 cm.
490 ## - SERIES STATEMENT
Series statement Dusty Bunnies
505 ## - FORMATTED CONTENTS NOTE
Formatted contents note E <br/>
520 ## - SUMMARY, ETC.
Summary, etc. Dust bunnies who enjoy rhyming games and a boisterous cat who likes to chase and grab learn how to play together.
521 1# - TARGET AUDIENCE NOTE
Target audience note 230 <br/>
Source Lexile <br/>
521 1# - TARGET AUDIENCE NOTE
Target audience note E <br/>
Source Raz-Plus <br/>
650 #1 - SUBJECT ADDED ENTRY--TOPICAL TERM
Topical term or geographic name entry element Rhyme
Form subdivision Fiction.
650 #1 - SUBJECT ADDED ENTRY--TOPICAL TERM
Topical term or geographic name entry element Dust
Form subdivision Fiction.
650 #1 - SUBJECT ADDED ENTRY--TOPICAL TERM
Topical term or geographic name entry element Cats
Form subdivision Fiction.
650 #1 - SUBJECT ADDED ENTRY--TOPICAL TERM
Topical term or geographic name entry element Play
Form subdivision Fiction.
650 #1 - SUBJECT ADDED ENTRY--TOPICAL TERM
Topical term or geographic name entry element Humorous stories.
906 ## - LOCAL DATA ELEMENT F, LDF (RLIN)
a 7
b cbc
c orignew
d 1
e ecip
f 20
g y-gencatlg
942 ## - ADDED ENTRY ELEMENTS (KOHA)
Source of classification or shelving scheme Dewey Decimal Classification
Koha item type Books
Suppress in OPAC No
999 ## -
-- 3186
-- 3186
Holdings
Withdrawn status Lost status Source of classification or shelving scheme Damaged status Not for loan Collection Home library Current library Shelving location Date acquired Total Checkouts Full call number Barcode Date last seen Date last checked out Price effective from Koha item type Copy number
    Dewey Decimal Classification     Juvenile Fiction Footprints International School Library Network Toul Kork Campus Footprints International School Library Network Toul Tom Poung Campus   02/16/2024 1 THO 426 PZ7.T36694 FISBK05401 06/05/2025 05/16/2025 02/16/2024 Books  
    Dewey Decimal Classification     Juvenile Fiction Footprints International School Library Network Toul Tom Poung Campus Footprints International School Library Network Toul Tom Poung Campus   10/27/2025   THO 426 PZ7.T36694 FISTK02494 10/27/2025   10/27/2025 Books 2